KOHA-Header-6

Practical Handbook of Income Tax (Record no. 9033)

000 -LEADER
fixed length control field 00275nam a2200109Ia 4500
100 ## - MAIN ENTRY--AUTHOR NAME
Personal name Dr. Ikramul Haq
245 #0 - TITLE STATEMENT
Title Practical Handbook of Income Tax
260 ## - PUBLICATION, DISTRIBUTION, ETC. (IMPRINT)
Place of publication New Delhi
Name of publisher Addison -Wesley
Year of publication 1993
300 ## - PHYSICAL DESCRIPTION
Number of Pages 287
942 ## - ADDED ENTRY ELEMENTS (KOHA)
Koha item type Books
Holdings
Withdrawn status Lost status Collection code Permanent Location Current Location Shelving location Date acquired Full call number Accession Number Koha item type
    Law MAJU MAJU Shelf No.A46 2019-09-14 658.848 4321 Law

Powered by Koha